Taylor Swift - Devine la chanson sans indices #20 - Statistiques

Statistiques générales
  • Ce quiz a été pris 367 fois
  • Le résultat moyen est 253 sur 405
Statistiques - réponses
Réponse % Correct
a
99%
I
99%
"I
99%
you
97%
You
97%
(you
97%
the
93%
The
93%
love
91%
love,
91%
me
90%
we
89%
it
88%
to
85%
your
85%
be
82%
is
81%
Is
81%
my
81%
My
81%
when
81%
in
79%
on
79%
it's
78%
It's
78%
(it's
78%
and
77%
And
77%
no
77%
No,
77%
no,
77%
of
77%
this
77%
was
77%
that
76%
say,
75%
by
74%
for
74%
you're
74%
like
72%
but
71%
But
71%
know"
71%
They
71%
don't
69%
I'm
68%
not
68%
thin
68%
all
66%
what
64%
didn't
63%
'Cause
62%
cut
61%
death
61%
thousand
61%
am
60%
can't
59%
get
59%
said
59%
Why
59%
baby
58%
if
58%
just
58%
too
58%
up
58%
cuts
57%
cuts)
57%
look
56%
bad
55%
heart,
55%
I'll
54%
part
54%
body,
53%
One
50%
now
49%
Now
49%
right
49%
right,
49%
take
49%
touch
49%
touch)
49%
with
49%
find
48%
time
48%
time,
48%
Our
47%
our
47%
enough
46%
enough,
46%
goodbye
46%
hips,
45%
see
45%
Saying
44%
saying
44%
through
44%
Trying
44%
ok
43%
them
43%
from
42%
long
42%
still
42%
way
42%
windows
42%
drunk,
41%
drunk
41%
over
41%
Even
40%
hand
40%
Flashbacks
39%
here
39%
home
39%
thing
39%
wasn't
39%
ask
38%
Gave
38%
lights
38%
much
38%
pretend
38%
drug
37%
comes
36%
morning
36%
though
36%
traffic
36%
searching
35%
it'll
34%
trust
34%
great
33%
country,
32%
ages
31%
only
31%
stand
31%
united
31%
writing
31%
guess
30%
haunted
30%
land
30%
ours
30%
pages?
30%
spirit,
30%
story's
30%
club
29%
okay
29%
signs
29%
songs,
29%
waking
29%
Chandelier
28%
once
28%
small
28%
kill
27%
Paper
27%
paper
27%
town
27%
wine,
27%
one's
26%
share
25%
lawless
24%
everywhere
23%
flickering
23%
films,
22%
dress
21%
fears
20%
plans
20%
stings
20%
boarded
19%
Chandelier's
19%
Quiet
17%
Aucun quiz correspondant
Distribution des résultats
% des personnes avec chaque résultat
Percentile par nombre de réponses
Votre historique - résultats
Vous n’avez pas pris ce quiz